All Empires of Albania by Picture - Statistics

General Stats
  • This quiz has been taken 37 times
  • The average score is 6 of 8
Answer Stats
Picture Hint Answer % Correct
1943 – 1944 Nazi Germany
97%
1385 – 1912 Ottoman Empire
94%
1939 – 1943 Italian Empire
86%
1000 – 1347 Byzantine Empire
80%
1343 – 1358 Serbian Empire
80%
1230 – 1256 Second Bulgarian Empire
74%
1976 – 1991 People's (Socialist) Republic of Albania
69%
1991 – Present Republic of Albania
66%
No matching quizzes found
Score Distribution
Percent of People with Each Score
Percentile by Number Answered
Your Score History
You have not taken this quiz